=LDR 00000nam 2200000 4500 =001 000686 =005 20250711023704 =035 ##$$a 0010-0725000554 =007 ta =008 250711################a##########0#ind## =020 ##$$a 978-623-307-764-4 =082 ##$$a 398.209 598 =084 ##$$a 398.209 598 TIT t =100 #$$a Tithlyong, Phal =245 1#$$a Tulu Belajar Memotret /$c Phal Tithlyong =250 ##$$a Cetakan Pertama =260 ##$$a Jakarta Timur :$b Badan Pengembangan dan Pembinaan Bahasa,$c 2024 =300 ##$$a 24 hlm. : $b ilus. ; $c 22,9 cm =650 #4$$a Cerita Anak Indonesia-Terjemahan =650 #4$$a Literasi-Bahan Bacaan =856 ##$$a TBM As Suhada =990 ##$$a TBM04610461